000 00899nam a2200301 a 4500
001 BRL_391
005 20190320210723.0
008 060813s1989----mx-a######---#000-0#spa-#
020 _a9681629035
041 _aspa
044 _amx
050 4 _aF1219.8.C55
_b.K57 1989
100 1 _aKirchhoff, Paul
_99833
245 1 0 _aHistoria tolteca-chichimeca
_cPaul Kirchhoff, Lina Odena Güemes, Luis Reyes García.
250 _a2
260 _aMéxico
_bFondo de Cultura Económica
_c1986
300 _a287 p.
_bil., mapas
_c34 cm.
500 _aAu395
504 _aBibliografía: p. 285-287
546 _aIdioma en: Español y Nahuat.
650 1 4 _aChichimecas
_xHistoria
_923757
650 1 4 _aToltecas
_xHistoria
_923758
651 4 _aQuauhtinchan (México)
_xHistoria
_923759
700 1 _aOdena Güemes, Lina
_99835
700 1 _aReyes García, Luis
_99836
902 _aGRL
942 _2lcc
_cB
999 _c9204
_d9204